000 00331nam a2200133Ia 4500
005 20251222140104.0
008 251222s1900||||xx |||||||||||||| ||spa||
020 _a9509034502
082 _a171/M26F
100 _aMaritain, Jacques
245 0 _aPara una FilosofĂ­a de la Persona Humana
264 _bClub de Lectores
942 _cLIB
999 _c4052
_d4052